Agricultural price analysis /

Saved in:
Bibliografiske detaljer
Hovedforfatter: Shepherd, Geoffrey S. (Geoffrey Seddon), 1898-
Format: Bog
Sprog:English
Udgivet: Ames, Iowa : Iowa State College, 1947.
Udgivelse:2nd ed.
Fag:
LEADER 00986nam a2200253 i 4500
001 c000311417
003 CARM
005 00000000000000.0
008 930219s1947 iaub b 00110 eng d
019 1 |a 9868394  |z 28214110  |5 LACONCORD2021 
035 |a (OCoLC)291134  |5 LACONCORD2021 
043 |a n-us--- 
100 1 |a Shepherd, Geoffrey S.  |q (Geoffrey Seddon),  |d 1898- 
245 1 0 |a Agricultural price analysis /  |c by Geoffrey S. Shepherd. 
250 |a 2nd ed. 
260 |a Ames, Iowa :  |b Iowa State College,  |c 1947. 
300 |a vii, 231 p. :  |b ill. ;  |c 24 cm. 
505 0 |a Includes bibliographical references and index. 
650 0 |a Agricultural prices  |z United States. 
650 0 |a Agriculture  |x Economic aspects  |z United States. 
852 8 |b CARM  |h A3:AF19F0  |i C12398  |p 0474533  |f BK 
082 0 4 |a 338.1 
999 f f |i d70b23d4-d774-5a9e-a5a8-39274cdc2310  |s 8fcbf667-b9b8-5b0f-b9b3-c23a2ce57c43 
952 f f |p Can circulate  |a CAVAL  |b CAVAL  |c CAVAL  |d CARM 1 Store  |e C12398  |f A3:AF19F0  |h Other scheme  |i book  |m 0474533